000 00614nam a2200253Ia 4500
005 20260320200837.0
008 008 262003s9999 xx 000 0 eng d
020 _a9781630814397
037 _aEBOOK
040 _aCRL
040 _beng
040 _cCRL
041 _2eng
041 _aeng
084 _qCRL
100 _aVolpato
_91133568
245 3 _aAn Introduction to Packet Microwave Systems and Technologies
260 _bIEEE
260 _c2016
856 _uhttps://ieeexplore.ieee.org/servlet/opac?bknumber=9101148
942 _cEBOOK
999 _c1717246
_d1717246